PFI may collapse due to EU directive (Record no. 67655)

MARC details
000 -LEADER
fixed length control field 00971cam a2200193 4500
001 - CONTROL NUMBER
control field WB3727-04
008 - FIXED-LENGTH DATA ELEMENTS--GENERAL INFORMATION
fixed length control field 000000n2001 000 0 eng u
035 ## - SYSTEM CONTROL NUMBER
System control number (Sirsi) u113563
245 ## - TITLE STATEMENT
Title PFI may collapse due to EU directive
260 ## - PUBLICATION, DISTRIBUTION, ETC.
Date of publication, distribution, etc. 2001
490 ## - SERIES STATEMENT
Series statement New Civil Engineer
Volume/sequential designation 5 July 2001, 8(1)
520 ## - SUMMARY, ETC.
Summary, etc. A proposed European Commission procurement directive, expected in November 2001, will ban public sector clients from holding detailed discussions with a single preferred bidder. Designed to eliminate corruption in the construction sector, the new process will mean a two to threefold increase in bidding costs. This is likely to be too great a financial risk for most companies. Major UK contractors warn that the private finance initiative could therefore collapse unless the proposed EU directive is stopped.
590 ## - LOCAL NOTE (RLIN)
Local note WB
650 ## - SUBJECT ADDED ENTRY--TOPICAL TERM
Topical term or geographic name entry element PFI
650 ## - SUBJECT ADDED ENTRY--TOPICAL TERM
Topical term or geographic name entry element EU DIRECTIVE
650 ## - SUBJECT ADDED ENTRY--TOPICAL TERM
Topical term or geographic name entry element BIDDING PROCESS
690 ## - LOCAL SUBJECT ADDED ENTRY--TOPICAL TERM (OCLC, RLIN)
Topical term or geographic name as entry element Procurement
9 (RLIN) 6260
942 ## - ADDED ENTRY ELEMENTS (KOHA)
Suppress in OPAC 0
Holdings
Withdrawn status Lost status Source of classification or shelving scheme Damaged status Not for loan Home library Current library Shelving location Date acquired Total Checkouts Full call number Barcode Date last seen Copy number Price effective from Koha item type
    Dewey Decimal Classification     London London News article 09/07/2001   WB3727-04 113563-1001 06/08/2019 1 06/08/2019 News article